<?xml version="1.0" encoding="UTF-8"?>
<collection xmlns="http://www.loc.gov/MARC21/slim">
 <record>
  <leader>01019nam a2200169Ia 4500</leader>
  <controlfield tag="001">TDMU_30332</controlfield>
  <controlfield tag="008">210410s9999    xx            000 0 und d</controlfield>
  <datafield tag="082" ind1=" " ind2=" ">
   <subfield code="a">915.9785</subfield>
  </datafield>
  <datafield tag="100" ind1=" " ind2=" ">
   <subfield code="a">Ban quản lý di tích và danh thắng tỉnh Bình Dương</subfield>
  </datafield>
  <datafield tag="245" ind1=" " ind2="0">
   <subfield code="a">Di tích và danh thắng</subfield>
  </datafield>
  <datafield tag="260" ind1=" " ind2=" ">
   <subfield code="a">Bình Dương</subfield>
  </datafield>
  <datafield tag="260" ind1=" " ind2=" ">
   <subfield code="c">2008</subfield>
  </datafield>
  <datafield tag="300" ind1=" " ind2=" ">
   <subfield code="a">368tr</subfield>
  </datafield>
  <datafield tag="520" ind1=" " ind2=" ">
   <subfield code="a">Đầu trang tên sách ghi: Sở Văn hóa Thông tin Bình Dương, Ban Quản lý Di tích và Danh thắng; Giới thiệu lịch sử hình thành cùng với quá trình xây dựng, bảo tồn và tồn tại của những danh lam thắng cảnh và di tích lịch sử trên địa bàn tỉnh Bình Dương.</subfield>
  </datafield>
  <datafield tag="650" ind1=" " ind2=" ">
   <subfield code="a">Văn hóa</subfield>
   <subfield code="x">Di tích lịch sử</subfield>
   <subfield code="z">Bình Dương; Văn hóa</subfield>
   <subfield code="x">Danh lam thắng cảnh</subfield>
   <subfield code="z">Bình Dương</subfield>
  </datafield>
  <datafield tag="856" ind1=" " ind2=" ">
   <subfield code="u">http://lrc.tdmu.edu.vn/opac/search/detail.asp?aID=2&amp;ID=30332</subfield>
  </datafield>
  <datafield tag="980" ind1=" " ind2=" ">
   <subfield code="a">Trung tâm Học liệu Trường Đại học Thủ Dầu Một</subfield>
  </datafield>
 </record>
</collection>
